000 00224nam a22000857a 4500
008 160705b xxu||||| |||| 00| 0 eng d
100 _92110
_a Siddiqui, M.H
245 _aTeaching of Science
260 _aNew Dddelhi
_b A.P.H.
_c2005
999 _c1805
_d1805